000 00284nam a22001097a 4500
041 _aENG
245 _aAquaculture Engineering Technologies For The Euture
260 _aUk
_bThe Institution Of Chemical engineers
_c1988
300 _a418
650 _aSWCE ( 06 )
856 _uSWCE ( 06 )
999 _c2941
_d2941